000 00831nam a2200277 a 4500
001 000044498
003 DO-SdBNP
005 20180327140252.0
007 000044498
008 140703s2009 dr af 000 0 spa d
020 _z9789945001730
040 _aBPMSU
_bspa
_cBPMSU
092 _aRD863.5
_b P573pr
100 1 _aPhipps, Miguel
245 1 3 _aEl príncipe de la envidia /
_cMiguel Phipps ; diseño e ilustración Ohanda Coste.
260 _aSanto Domingo :
_bCorripio,
_c2009.
300 _a20 p. :
_bil. ;
_c28 cm.
490 1 _aInfantil
_v11
650 _2CUENTOS INFANTILES DOMINICANOS
650 _2LITERATURA INFANTIL DOMINICANA
700 1 2 _aCoste, Ohanda
_eil.
830 0 _aInfantil ;
_v11
942 _2ddc
_cBK
945 _aRemanejado para la BNPHU / 2018 VM
956 _aVMATEO
_b10
_c20150420
_lBND01
_h00151
999 _c7666
_d7666